00298nam a2200109Ia 4500008004100000020001400041100002500055245003300080250001100113260004600124300001800170180219s9999 xx 000 0 und d a130493678 aWilkinson, Judith M. aNursing diagnosis handbook / a8th ed aNew jersey :bPearson prentice hallc2005 aiv, 803 pages